<?xml version="1.0" encoding="UTF-8"?>
<record
    xmlns:xsi="http://www.w3.org/2001/XMLSchema-instance"
    xsi:schemaLocation="http://www.loc.gov/MARC21/slim http://www.loc.gov/standards/marcxml/schema/MARC21slim.xsd"
    xmlns="http://www.loc.gov/MARC21/slim">

  <leader>03055nam a2200277 i 4500</leader>
  <controlfield tag="001">155490</controlfield>
  <controlfield tag="003">ES-MaACL</controlfield>
  <controlfield tag="005">20250909175451.0</controlfield>
  <controlfield tag="008">940202m18901894sp af    e   |||| |dspa d</controlfield>
  <datafield tag="080" ind1=" " ind2=" ">
    <subfield code="a">94(100)</subfield>
  </datafield>
  <datafield tag="245" ind1="0" ind2="0">
    <subfield code="a">Historia universal / </subfield>
    <subfield code="c">escrita parcialmente por reputados profesores alemanes ; bajo la direcci&#xF3;n del... histori&#xF3;grafo Guillermo Oncken... ; traducci&#xF3;n directa del alem&#xE1;n revisada por Nemesio Fern&#xE1;ndez Cuesta.</subfield>
  </datafield>
  <datafield tag="260" ind1=" " ind2=" ">
    <subfield code="a">Barcelona : </subfield>
    <subfield code="b">Montaner y Sim&#xF3;n, </subfield>
    <subfield code="c">1890-1894.</subfield>
  </datafield>
  <datafield tag="300" ind1=" " ind2=" ">
    <subfield code="a">16  v., 490 l&#xE1;m. : </subfield>
    <subfield code="b">il. col. y n. ; </subfield>
    <subfield code="c">32 cm.</subfield>
  </datafield>
  <datafield tag="500" ind1=" " ind2=" ">
    <subfield code="a">Falta: v. XIV.</subfield>
  </datafield>
  <datafield tag="505" ind1="8" ind2=" ">
    <subfield code="a">Contiene: I. Historia del antiguo Egipto. Historia de Babilonia y Asiria. Historia de la India antigua (300, 416, 215 p.) -- II. Historia de la antigua Persia. Historia de los fenicios Historia de Grecia y Roma ( 9, 108, 520 p.) -- III. Historia del pueblo de Israel. Historia del Imperio romano (540, 328 p.) -- IV. Historia primitiva de los pueblos germ&#xE1;nicos y romanos (822 p.) -- V. Historia de los anglo-sajones hasta la muerte del rey Alfredo. El islamismo en Oriente y en Occidente. Historia de las Cruzadas (68, 500, 176 p.) -- VI. Historia de los estados de Occidente durante la Edad Media. Historia del Imperio bizantino y de la monarqu&#xED;a turca (648, 291 p.) -- VII El Renacimiento y los estudios de humanidades en Italia y Alemania. Historia de la &#xE9;poca de los descubrimientos geogr&#xE1;ficos. Rusia, Polonia y Livonia hasta el siglo decimos&#xE9;ptimo ( 204, 220, 439 p.) -- VIII. Historia de la Reforma religiosa. La Europa Occidental en tiempos de Felipe II de Espa&#xF1;a, Isabel de Inglaterra y Enrique IV de Francia. La &#xE9;poca de la guerra de los Treinta A&#xF1;os (340, 280, 453 p.) -- IX. Historia de la Revoluci&#xF3;n de Inglaterra. La &#xE9;poca de Luis XIV. Historia de Alemania desde la Paz de Westfalia hasta el reinado de Federico el Grande (120, 227, 499 p.) -- X. &#xC9;poca de Federico el Grande. Austria durante los reinados de Mar&#xED;a Teresa, Jos&#xE9; II y Leopoldo II. Catalina II ( 560, 172, 270 p.) -- XI. Historia de la Revoluci&#xF3;n francesa, del Imperio y de la guerra de liberaci&#xF3;n (810 p.) -- XII. La &#xE9;poca de la Restauraci&#xF3;n y de la Revoluci&#xF3;n desde 1815 hasta 1851. Historia del segundo Imperio franc&#xE9;s y de la fundaci&#xF3;n del reino de Italia. Los Estados Unidos de la Am&#xE9;rica del Norte y la Guerra separatista (300, 256, 259 p.) -- XIII. Historia de la Cuesti&#xF3;n de Oriente. La &#xE9;poca del emperador Guillermo ( 240, 695 p. ) -- XV.  Primero de la Historia del traje... por Federico Hottenroth (119 l&#xE1;m. ) -- XVI. Segundo de la Historia del traje... por Federico Hottenroth (120 l&#xE1;m.)</subfield>
  </datafield>
  <datafield tag="650" ind1=" " ind2="7">
    <subfield code="a">Historia universal</subfield>
    <subfield code="2">embne</subfield>
    <subfield code="9">13429</subfield>
  </datafield>
  <datafield tag="650" ind1=" " ind2="4">
    <subfield code="a">Traje-</subfield>
    <subfield code="x">Historia.</subfield>
    <subfield code="9">136943</subfield>
  </datafield>
  <datafield tag="700" ind1="1" ind2=" ">
    <subfield code="a">Oncken, Wilhelm.</subfield>
    <subfield code="9">87057</subfield>
  </datafield>
  <datafield tag="700" ind1="1" ind2=" ">
    <subfield code="a">Fern&#xE1;ndez Cuesta, Nemesio, </subfield>
    <subfield code="d">1818-1893</subfield>
    <subfield code="9">49614</subfield>
  </datafield>
  <datafield tag="700" ind1="1" ind2=" ">
    <subfield code="a">Hottenroth, Friedrich.</subfield>
    <subfield code="9">155429</subfield>
  </datafield>
  <datafield tag="710" ind1="2" ind2=" ">
    <subfield code="a">Montaner y Sim&#xF3;n.</subfield>
    <subfield code="9">134693</subfield>
  </datafield>
  <datafield tag="740" ind1="0" ind2="2">
    <subfield code="a">Historia del traje.</subfield>
  </datafield>
  <datafield tag="752" ind1=" " ind2=" ">
    <subfield code="a">Espa&#xF1;a - </subfield>
    <subfield code="d">, Barcelona</subfield>
  </datafield>
  <datafield tag="852" ind1="4" ind2=" ">
    <subfield code="a">ES-MaACL</subfield>
    <subfield code="j">B-1778-93        </subfield>
    <subfield code="z">- Enc. pasta</subfield>
  </datafield>
  <datafield tag="999" ind1=" " ind2=" ">
    <subfield code="c">155490</subfield>
    <subfield code="d">155490</subfield>
  </datafield>
  <datafield tag="952" ind1=" " ind2=" ">
    <subfield code="0">0</subfield>
    <subfield code="1">0</subfield>
    <subfield code="4">0</subfield>
    <subfield code="7">0</subfield>
    <subfield code="8">LIBXIX</subfield>
    <subfield code="a">ATENEOM</subfield>
    <subfield code="b">ATENEOM</subfield>
    <subfield code="c">SPB</subfield>
    <subfield code="d">2008-01-17</subfield>
    <subfield code="l">0</subfield>
    <subfield code="o">B-1778-93</subfield>
    <subfield code="p">1162646</subfield>
    <subfield code="r">2023-02-23 00:00:00</subfield>
    <subfield code="w">2023-02-23</subfield>
    <subfield code="y">MONANT</subfield>
  </datafield>
</record>
